La investigación en arquitectura

Presenta esclarecer y fijar el concepto que sobre investigación se utilizara en el desarrollo del mismo, lo que permitirá una mejor compenetración y agilizar el desarrollo de su contenido.

Bibliographic Details
Main Author: Fonseca Corleto, Julio César
Other Authors: Tutor: Recinos, Hugo
Format: Tesis Section = Libro
Language:Undetermined
Spanish
Published: Guatemala USAC-G 1975
Subjects:
LEADER 00789nam a2200217Ia 4500
008 240830s9999 xx 000 0 und d
040 |a BIBLIOTECA-RUSB/ Mon 720.7281 F673 
041 |a spa 
082 |a Mon 720.7281 F673 
100 1 |a Fonseca Corleto, Julio César 
245 1 0 |a La investigación en arquitectura 
260 |a Guatemala  |b USAC-G  |c 1975 
300 |a 88 p. :il. 
502 |a Tesis (Arquitecto) - USAC-G, 1975. 
520 3 |a Presenta esclarecer y fijar el concepto que sobre investigación se utilizara en el desarrollo del mismo, lo que permitirá una mejor compenetración y agilizar el desarrollo de su contenido. 
650 7 |a ARQUITECTURA-INVESTIGACION 
650 7 |b  GUATEMALA I 
700 1 |a Tutor:  |b Recinos, Hugo 
942 |c BK  |2 ddc 
991 |a TESIS 
999 |c 21137